Family Guy Abroad Quiz Stats

 Plays Quiz Updated Aug 21, 2015

Challenge
Share
Tweet
Score 0/22 Timer 10:00
6 Plays Today
% Correct
Australia
98.7%
Egypt
97.1%
France
94.7%
Japan
94.2%
United Kingdom
92.1%
Greece
91.2%
China
90.7%
Germany
89.9%
Ireland
86.7%
Canada
77.9%
Iraq
76.9%
% Correct
Austria
76.4%
Russia
76.1%
Denmark
68.4%
Vatican City
68%
Netherlands
67%
Nepal
65.5%
Italy
64.8%
India
59%
Petoria
50.4%
Israel
48.3%
South Korea
43.6%

You're not logged in!

Compare scores with friends on all Sporcle quizzes.
OR
Log In

You Might Also Like...

Show Comments

Extras

Top Quizzes Today


Score Distribution

Your Account Isn't Verified!

In order to create a playlist on Sporcle, you need to verify the email address you used during registration. Go to your Sporcle Settings to finish the process.

Report this User

Report this user for behavior that violates our Community Guidelines.

Details: